000 00483nam a22001697a 4500
999 _c23757
_d23757
003 NUST
008 140106b xxu||||| |||| 00| 0 eng d
010 _a20050110943
020 _a1588293467
_cAvaliable
038 _aNusrat Nadeem
082 _a615.19 LAR
100 _a Richard S Larason
_921384
245 _aBioinformatics and Drug Discovery
_cLarason Richard S
260 _aNew Jersey
_bHumana Press
_c2006
538 _iBioinformatics Lab (Photocopy Book)
942 _2ddc
_cBK